Szczegóły MARC21

C++ mit dem Borland C++Builder : Einführung in den ANSI/ISO-Standard und die objektorientierte Windows- Programmierung /

005 -DATA I CZAS OSTATNIEJ MODYFIKACJI [,]
    • @
    • pole kontrolne
    • 20070315155141.9
020 -Międzynarod. znormalizowany nr książki - ISBN [ , ]
    • a
    • Numer ISBN
    • 3540629947 Find
040 -Instytucja sporządzająca opis [ , ]
    • a
    • Instytucja, która sporządziła opis (NP)
    • SZCZ U
    • c
    • Instytucja, która sporządziła rekord (NP)
    • SZCZ U
041 -Język dokumentu [0, ]
    • a
    • Język tekstu (P)
    • niemiecki
    • h
    • Język tekstu oryginalnego i/lub pośredniego (P)
    • ger
942 -Rodzaj dokumentu [ , ]
    • c
    • Rodzaj dokumentu
    • Książka
100 -Hasło główne - nazwa osobowa [ , ]
    • a
    • Nazwa osobowa (NP)
    • KAISER, RICHARD
245 -Strefa tytułu i oznaczenia odpowiedzialności [1, ]
    • a
    • Tytuł
    • C++ mit dem Borland C++Builder : Find
    • b
    • Ciąg dalszy tytułu (NP)
    • Einführung in den ANSI/ISO-Standard und die objektorientierte Windows- Programmierung / Find
    • c
    • Pozostałe elementy strefy tytułu i oznaczenia odpowiedzialności (NP)
    • Richard Kaiser.
260 -Strefa adresu wydawniczego [ , ]
    • a
    • Miejsce wydania (P)
    • Berlin ; Heidelberg :
    • b
    • Nazwa wydawcy (P)
    • Springer-Verl.,
    • c
    • Data wydania (P)
    • 2002.
300 -Strefa opisu fizycznego [ , ]
    • a
    • Określenie formy książki i/lub objętość (NP)
    • XX, 1115 s. :
    • b
    • Oznaczenie ilustracji (NP)
    • il. :
    • c
    • Format (NP)
    • 24 cm +
    • e
    • Oznaczenie dokumentu towarzyszącego (NP)
    • CD-ROM.
490 -Strefa serii i książki wielotomowej - forma nie do wyszukiwania [0, ]
    • a
    • Tytuł (P)
    • (Xpert.press, Find
    • x
    • ISSN (NP)
    • 1439-5428)
500 -Uwaga ogólna [ , ]
    • a
    • Uwaga ogólna (NP)
    • Bibliogr.Ind
080 -Uniwersalna Klasyfikacja Dziesiętna [ , ]
    • a
    • Symbol klasyfikacji
    • 004.438C++=30
980 -Symbol UKD [ , ]
    • a
    • UKD
    • 004.438C++=30
920 -ISBN [ , ]
    • a
    • ISBN
    • 3-540-62994-7 Find
Status udost. Numer inwentarzowy Data inwentaryzacji Lokalizacja Sygnatura
-2S.918692005-05-17BEFUNDACJA POLSKO-NIEMIECKA